| 000 | | | 03506nmc2a22002531x 450 |
| 001 | | | eaddd369-bd60-4209-9e58-51b17ddee5b3 |
| 005 | | | 20131107014559.0 |
| 100 | ## | $a | 20130605l19071912k y0rusy50 ca |
| 101 | 0# | $a | rus |
| 102 | ## | $a | RU |
| 105 | ## | $a | a z ||||| |
| 200 | 1# | $a | Печатные материалы о местной и земской реформе |
| | $j | 1907-1912 |
| 215 | ## | $a | 426 листов |
| | $c | табл. |
| 251 | ## | $c | Дело |
| 300 | ## | $a | Листы 342, 343: вырезан текст |
| 300 | ## | $a | Часть документов напечатана типографским способом, часть машинописная |
| 324 | ## | $a | Дублеты |
| 330 | ## | $a | V. Материалы о местной и земской реформе |
| 461 | #0 | $1 | 001b6db1e6b-efcc-4108-961b-a8f75be6354f |
| | $1 | 2001 |
| | $a | Постоянный совет объединенных дворянских обществ |
| | $1 | 251 |
| | $c | Фонд |
| | $1 | 852 |
| | $j | 434 |
| 462 | #0 | $1 | 001376737bd-14a2-4097-a3d5-a02b2aa0e2d3 |
| | $1 | 2001 |
| | $a | Постоянный совет объединенных дворянских обществ. 1906-1917 гг. |
| | $1 | 251 |
| | $c | Опись |
| | $1 | 852 |
| | $j | 1 |
| 601 | 02 | $3 | RU\NLR\AUTH\8810165427 |
| | $a | Постоянный совет объединенных дворянских обществ |
| | $c | Петербург |
| 801 | #0 | $a | RU |
| | $b | GA_RF |
| 801 | #1 | $a | RU |
| | $b | НПО Опыт |
| | $c | 20130605 |
| | $2 | rusmarc |
| 801 | #2 | $a | RU |
| | $b | ПБ им. Б.Н. Ельцина |
| | $c | 20131107 |
| | $g | RCR |
| | $2 | rusmarc |
| 852 | ## | $a | ГА РФ |
| | $j | 147 |
| 937 | ## | $d | 40951424 |
| | $h | ПБ |
| 035 | ## | $a | RuPRLIB51007130 |